| 000 | 01020cam a22002413a 4500 | ||
|---|---|---|---|
| 001 | 3257 | ||
| 003 | PGUSA | ||
| 005 | 20140828083029.0 | ||
| 008 | 020601s2002||||xxu|||||s|||||000 p eng d | ||
| 040 |
_aPGUSA _beng |
||
| 042 | _adc | ||
| 050 | 4 | _aPS | |
| 100 | 1 |
_aWilcox, Ella Wheeler, _d1850-1919 |
|
| 245 | 1 | 0 |
_aNew Thought Pastels _h[electronic resource] / _cElla Wheeler Wilcox |
| 260 |
_bProject Gutenberg, _c2002 |
||
| 505 | 0 | _aA dialogue -- The weed -- Strength -- Affirm -- The chosen -- The nameless -- The word -- Assistance -- Credulity' -- Consciousness -- The structure -- Our souls -- The law -- Knowledge -- Give -- Perfection -- Fear -- The way -- Understood -- His mansion -- Effect -- Three things -- Obstacles -- Prayer -- Climbing -- 'There is no death, there are no dead' -- Realisation. | |
| 506 | _aPublic domain in the USA. | ||
| 516 | _aElectronic text | ||
| 653 | _aAmerican poetry | ||
| 830 | 0 |
_aProject Gutenberg _v3257 |
|
| 856 | 4 | 0 | _uhttp://www.gutenberg.org/ebooks/3257 |
| 942 | _cEB | ||
| 999 |
_c232586 _d232586 |
||